000 00283nam a22001337a 4500
008 170228b xxu||||| |||| 00| 0 eng d
020 _a9780531117132
041 _aeng
080 _a61
100 _a4
101 _aSHM
245 _aMAPPING EPIDEMIOLOGY
_cHOFF, B
942 _2udc
_cBK
999 _c6440
_d6440